Nghiệp vụ ngân hàng thương mại : (Dành cho sinh viên chuyên ngành: Tài chính, Ngân hàng, Chứng khoán)
Sách trình bày tổng quan về hoạt động ngân hàng thương mại, nghiệp vụ huy động vốn, nghiệp vụ cấp tín dụng doanh nghiệp, nghiệp vụ quản lý rủi ro,...
Saved in:
| Main Author: | |
|---|---|
| Format: | Book |
| Language: | Undetermined |
| Published: |
Hà Nội
Thống kê
2009
|
| Subjects: | |
| Tags: |
Add Tag
No Tags, Be the first to tag this record!
|
| Institutions: | Trung tâm Học liệu Trường Đại học Cần Thơ |
|---|
| LEADER | 00924nam a2200217Ia 4500 | ||
|---|---|---|---|
| 001 | CTU_150204 | ||
| 008 | 210402s9999 xx 000 0 und d | ||
| 020 | |c 118500 | ||
| 082 | |a 332.12 | ||
| 082 | |b K309 | ||
| 100 | |a Nguyễn, Minh Kiều | ||
| 245 | 0 | |a Nghiệp vụ ngân hàng thương mại : | |
| 245 | 0 | |b (Dành cho sinh viên chuyên ngành: Tài chính, Ngân hàng, Chứng khoán) | |
| 245 | 0 | |c Nguyễn Minh Kiều | |
| 260 | |a Hà Nội | ||
| 260 | |b Thống kê | ||
| 260 | |c 2009 | ||
| 520 | |a Sách trình bày tổng quan về hoạt động ngân hàng thương mại, nghiệp vụ huy động vốn, nghiệp vụ cấp tín dụng doanh nghiệp, nghiệp vụ quản lý rủi ro,... | ||
| 650 | |a Commercial banks,Ngân hàng thương mại | ||
| 904 | |i Trọng Hải | ||
| 980 | |a Trung tâm Học liệu Trường Đại học Cần Thơ | ||